000 00273nam a22001097a 4500
008 170120b xxu||||| |||| 00| 0 eng d
020 _a0871892316
041 _aeng
080 _a618.2
245 _aMANAGING HEALTH CARE MARKETING COMMUNICATIONS
_cSCOTT, R.E
942 _2udc
_cBK
999 _c3293
_d3293